36 Countries with the Lowest HDI - Statistics

General Stats
  • This quiz has been taken 176 times
  • The average score is 30 of 38
Answer Stats
HDI Country % Correct
0.354 Niger
96%
0.404 Chad
93%
0.367 Central African Rep.
91%
0.502 Sudan
91%
0.419 Sierra Leone
90%
0.388 South Sudan
90%
0.459 Guinea
89%
0.427 Mali
88%
0.437 Mozambique
87%
0.503 Togo
87%
0.515 Benin
86%
0.532 Nigeria
85%
0.417 Burundi
84%
0.440 Eritrea
84%
0.463 Ethiopia
84%
0.455 Guinea-Bissau
84%
0.435 Liberia
84%
0.520 Mauritania
84%
0.524 Rwanda
83%
0.423 Burkina Faso
81%
0.505 Senegal
81%
0.516 Uganda
81%
0.476 Djibouti
80%
0.535 Zimbabwe
80%
0.460 Gambia
79%
0.477 Malawi
79%
0.498 Afghanistan
78%
0.452 Yemen
78%
0.538 Tanzania
77%
0.519 Madagascar
74%
0.492 Ivory Coast
73%
0.536 Syria
71%
0.498 Haiti
68%
0.520 Lesotho
68%
0.457 DR Congo
61%
0.503 Comoros
54%
0.544 Papua New Guinea
46%
0.546 Solomon Islands
29%
No matching quizzes found
Score Distribution
Percent of People with Each Score
Percentile by Number Answered
Your Score History
You have not taken this quiz